| 000 -ლიდერი |
| ფიქსირებული სიგრძის საკონტროლო ველი |
01174nam a2200229Ia 4500 |
| 001 - საკონტროლო ნომერი |
| საკონტროლო ველი |
2600 |
| 003 - საკონტროლო ნომრის იდენტიფიკატორი |
| საკონტროლო ველი |
GE_BSU |
| 005 - ბოლო ოპერაციის თარიღი და დრო |
| საკონტროლო ველი |
20221229113849.0 |
| 008 - ფიქსირებული სიგრძის მონაცემთა ელემენტები - ზოგადი ინფორმაცია |
| ფიქსირებული სიგრძის საკონტროლო ველი |
181216s2004||||ge |||||||||||||| ||geo|| |
| 020 ## - წიგნის საერთაშორისო სტანდარტული ნომერი |
| International Standard Book Number |
9992822384 |
| 040 ## - კატალოგიზაციის წყარო |
| Transcribing agency |
GE_BSU |
| 041 ## - ენის კოდი |
| Language code of text/sound track or separate title |
geo |
| 080 ## - უნივერსალური ათობითი კლასიფიკაციის ინდექსი |
| Universal Decimal Classification number |
347.6(075.8) ჩ–59 |
| 100 ## - მთავარი ჩანაწერი - პიროვნების სახელი |
| Personal name |
ჩიკვაშვილი, შალვა |
| 9 (RLIN) |
16624 |
| 245 ## - ცნობა სათაურის შესახებ |
| Title |
საოჯახო სამართალი = Family law = Семейное право : |
| Remainder of title |
[სახელმძღვ. უმაღლ. სასწ. იურიდ. სპეც. სტუდ.] / |
| Statement of responsibility, etc |
შალვა ჩიკვაშვილი ; რედ.: ლელა ნადიბაიძე. |
| 250 ## - გამოცემის ცნობა |
| Edition statement |
მე-4 გადამუშავებული გამოცემა უახლესი ცვლილებებითა და დამატებებით. |
| 264 ## - წარმოების, გამოცემის, დისტრიბუციის და სხვა ცნობები |
| გამოცემის, წარმოების, დისტრიბუციის... ადგილი |
თბილისი : |
| გამოცემის, წარმოების, დისტრიბუციის... სახელწოდება |
მერიიანი, |
| გამოცემის, წარმოების, დისტრიბუციის... თარიღი |
2004. |
| 300 ## - ფიზიკური აღწერა |
| Extent |
539 გვ.; |
| Other physical details |
21 სმ. |
| 653 ## - INDEX TERM--UNCONTROLLED |
| Uncontrolled term |
საოჯახო სამართალი |
| 700 ## - ADDED ENTRY--PERSONAL NAME |
| Personal name |
ნადიბაიძე, ლელა, |
| Relator term |
რედაქტორი |
| 9 (RLIN) |
16625 |
| 942 ## - ADDED ENTRY ELEMENTS (KOHA) |
| Koha item type |
წიგნი |
| Source of classification or shelving scheme |
|